Modern day countries that the Central Powers occupied in WW1 - Statistics

General Stats
  • This quiz has been taken 148 times
    83 since last reset
  • The average score is 10 of 15
Answer Stats
Answer % Correct
Belgium
84%
Serbia
83%
Poland
80%
Estonia
76%
Romania
76%
Latvia
75%
Lithuania
72%
Belarus
70%
Luxembourg
70%
Ukraine
70%
Montenegro
63%
Albania
61%
Armenia
47%
Georgia
43%
Azerbaijan
42%
No matching quizzes found
Score Distribution
Percent of People with Each Score
Percentile by Number Answered
Your Score History
You have not taken this quiz since the last reset